Linear Circuit Analysis (Record no. 316185)

MARC details
000 -LEADER
fixed length control field 00377nam a2200157Ia 4500
008 - FIXED-LENGTH DATA ELEMENTS--GENERAL INFORMATION
fixed length control field 230718s9999 xx 000 0 und d
041 ## - LANGUAGE CODE
Language code of text/sound track or separate title eng
082 ## - DEWEY DECIMAL CLASSIFICATION NUMBER
Classification number 621.38
Item number BHI
100 ## - MAIN ENTRY--PERSONAL NAME
Personal name Bhide S.D.
245 ## - TITLE STATEMENT
Title Linear Circuit Analysis
260 ## - PUBLICATION, DISTRIBUTION, ETC. (IMPRINT)
Name of publisher, distributor, etc. Shree
365 ## - TRADE PRICE
Currency code Rs.
Price amount 80.00
500 ## - GENERAL NOTE
Keywords DONATED
700 ## - ADDED ENTRY--PERSONAL NAME
Personal name Bhide S.D. & Tokekar M.K.
906 ## - LOCAL DATA ELEMENT F, LDF (RLIN)
d B:-03-Apr-2007
c ETC
Holdings
Withdrawn status Lost status Damaged status Not for loan Home library Current library Date acquired Vendor Budget Code Cost, normal purchase price Total Checkouts Full call number Barcode Date last seen Cost, replacement price Bill Date Koha item type Original Barcode
        Cummins College of Engineering for Women Pune Cummins College of Engineering for Women Pune 04/04/2007 Masurkar Enterprises ETC 80.00   621.38 CCEP-BK-27392 18/07/2023 80.00 03/04/2007 Books 027392